|
|
|
|
| LEADER |
00000nam0a2200000 4500 |
| 001 |
295490 |
| 005 |
20231102000820.0 |
| 035 |
|
|
|a (RuTPU)RU\TPU\book\320568
|
| 090 |
|
|
|a 295490
|
| 100 |
|
|
|a 20150522d1984 km y0rusy50 ca
|
| 101 |
0 |
|
|a rus
|
| 102 |
|
|
|a RU
|
| 105 |
|
|
|a a z 001zy
|
| 200 |
1 |
|
|a Конструирование изделий из композиционно-волокнистых материалов
|f О. Г. Цыплаков
|
| 210 |
|
|
|a Ленинград
|c Машиностроение
|d 1984
|
| 215 |
|
|
|a 140 с.
|c ил.
|
| 320 |
|
|
|a Библиогр.: с. 139
|
| 606 |
1 |
|
|a Машиностроительные материалы
|2 stltpush
|3 (RuTPU)RU\TPU\subj\41662
|9 61449
|
| 606 |
1 |
|
|a Товароведение
|2 stltpush
|3 (RuTPU)RU\TPU\subj\69426
|9 84277
|
| 610 |
1 |
|
|a композитные материалы
|
| 610 |
1 |
|
|a волокнистые материалы
|
| 610 |
1 |
|
|a изделия
|
| 610 |
1 |
|
|a конструирование
|
| 610 |
1 |
|
|a типовые решения
|
| 610 |
1 |
|
|a технологичность
|
| 610 |
1 |
|
|a инженерное конструирование
|
| 675 |
|
|
|a 621.002.3
|v 4
|
| 675 |
|
|
|a 620.2
|v 4
|
| 700 |
|
1 |
|a Цыплаков
|b О. Г.
|g Олег Георгиевич
|
| 801 |
|
1 |
|a RU
|b 63413507
|c 20150522
|
| 801 |
|
2 |
|a RU
|b 63413507
|c 20181025
|g RCR
|
| 942 |
|
|
|c BK
|